The valuation of rented freehold property (Record no. 80040)
[ view plain ]
| 000 -LEADER | |
|---|---|
| fixed length control field | 00939cab a22001935a 4500 |
| 001 - CONTROL NUMBER | |
| control field | L143051 |
| 008 - FIXED-LENGTH DATA ELEMENTS--GENERAL INFORMATION | |
| fixed length control field | 070904s2007 xxkd f 000 0 eng d |
| 035 ## - SYSTEM CONTROL NUMBER | |
| System control number | (Sirsi) u143051 |
| 041 0# - LANGUAGE CODE | |
| Language code of text/sound track or separate title | eng |
| 100 1# - MAIN ENTRY--PERSONAL NAME | |
| Personal name | French, Nick |
| 245 04 - TITLE STATEMENT | |
| Title | The valuation of rented freehold property |
| 260 ## - PUBLICATION, DISTRIBUTION, ETC. | |
| Date of publication, distribution, etc. | 2008 |
| 490 #0 - SERIES STATEMENT | |
| Series statement | Journal of Property Investment and Finance |
| Volume/sequential designation | 26(2) 2008, 177-181(5) |
| 520 ## - SUMMARY, ETC. | |
| Summary, etc. | Examines the valuation of rack-rented property by implicit and explicit methods to value properties let above or below the current market rent (i.e. reversionary freehold properties). Finds the implicit method does not produce the same capitalisation rate as the discounted cash flow valuation, and that this approach is not rational. Focuses on examples where rentals are below the market rate and where rents are rising. |
| 590 ## - LOCAL NOTE (RLIN) | |
| Local note | KA |
| 651 #4 - SUBJECT ADDED ENTRY--GEOGRAPHIC NAME | |
| Geographic name | United Kingdom |
| Chronological subdivision | |
| 690 ## - LOCAL SUBJECT ADDED ENTRY--TOPICAL TERM (OCLC, RLIN) | |
| Topical term or geographic name as entry element | PROPERTY-PROPERTY APPRAISAL AND VALUATION |
| 942 ## - ADDED ENTRY ELEMENTS (KOHA) | |
| Suppress in OPAC | 0 |
| Withdrawn status | Lost status | Source of classification or shelving scheme | Damaged status | Not for loan | Home library | Current library | Shelving location | Date acquired | Total Checkouts | Full call number | Barcode | Date last seen | Copy number | Price effective from | Koha item type |
|---|---|---|---|---|---|---|---|---|---|---|---|---|---|---|---|
| Dewey Decimal Classification | London | London | Journal article | 04/04/2008 | L143051 | 143051-1001 | 06/08/2019 | 1 | 06/08/2019 | Journal article |